[Event "Catalunya-ch Seniors"]
[Site "Santa Susanna"]
[Date "2019.05.19"]
[Round "2"]
[White "Prats Rodriguez, Juan Bosco"]
[Black "Fernandez Perez, Josep"]
[Result "1/2-1/2"]
[WhiteElo "1964"]
[BlackElo "2045"]
[PlyCount "51"]
[EventDate "2019.05.18"]
[EventType "swiss"]
[EventRounds "9"]
[EventCountry "ESP"]
[SourceTitle "CBM 190 Extra"]
[Source "ChessBase"]
[SourceDate "2019.07.15"]
[SourceVersion "1"]
[SourceVersionDate "2019.07.15"]
[SourceQuality "1"]

1. e4 e6 2. d3 d5 3. Qe2 Nf6 4. Nf3 Be7 5. g3 c5 6. Bg2 Nc6 7. 0-0 dxe4 8. dxe4 e5 9. Rd1 Qc7 10. Bg5 Be6 11. Bxf6 Bxf6 12. Nc3 0-0 13. Nd5 Bxd5 14. exd5 Nd4 15. Qe4 Nb5 16. c4 Nd6 17. Qc2 g6 18. Re1 Rfe8 19. Re2 Re7 20. Rae1 Rae8 21. h4 a6 22. Qc3 Nf5 23. Bh3 Nd4 24. Nxd4 exd4 25. Qd3 b6 26. a4 1/2-1/2

[Event "ESP-ch Seniors 65+"]
[Site "Altea"]
[Date "2017.10.09"]
[Round "3"]
[White "Fernandez Perez, Josep"]
[Black "Sanz Bastos, Fernando"]
[Result "1/2-1/2"]
[WhiteElo "2045"]
[BlackElo "1981"]
[PlyCount "34"]
[EventDate "2017.10.07"]
[EventType "swiss"]
[EventRounds "9"]
[EventCountry "ESP"]
[SourceTitle "CBM 181 Extra"]
[Source "ChessBase"]
[SourceDate "2017.12.12"]
[SourceVersion "1"]
[SourceVersionDate "2017.12.12"]
[SourceQuality "1"]

1. e4 e5 2. Nf3 Nc6 3. Bb5 Bc5 4. 0-0 Nf6 5. c3 0-0 6. d4 Bb6 7. Bg5 h6 8. Bxf6 Qxf6 9. Bxc6 Qxc6 10. Nxe5 Qxe4 11. Nd2 Qh4 12. Qg4 Qxg4 13. Nxg4 d5 14. Ne5 Bf5 15. Rfe1 f6 16. Nef3 Rae8 17. Rxe8 Rxe8 1/2-1/2

[Event "Catalunya-ch Seniors"]
[Site "Vila Seca"]
[Date "2016.05.25"]
[Round "5"]
[White "Sanz Bastos, Fernando"]
[Black "Fernandez Perez, Josep"]
[Result "1-0"]
[WhiteElo "1925"]
[BlackElo "2037"]
[PlyCount "99"]
[EventDate "2016.05.21"]
[EventType "swiss"]
[EventRounds "9"]
[EventCountry "ESP"]
[SourceTitle "CBM 172 Extra"]
[Source "ChessBase"]
[SourceDate "2016.06.21"]
[SourceVersion "1"]
[SourceVersionDate "2016.06.21"]
[SourceQuality "1"]

1. e4 e6 2. d4 d5 3. e5 c5 4. c3 Nc6 5. Nf3 Qb6 6. Bd3 cxd4 7. cxd4 Bd7 8. 0-0 Nxd4 9. Nxd4 Qxd4 10. Nc3 a6 11. Qe2 Ne7 12. Rd1 Qb6 13. Be3 Qd8 14. f4 g6 15. Qf2 Nf5 16. Bb6 Qh4 17. g3 Qh6 18. g4 Ne7 19. Bf1 Qg7 20. Rd3 h5 21. g5 Bc6 22. Rad1 Nc8 23. Ne4 Be7 24. Nf6+ Bxf6 25. exf6 Qf8 26. Bc5 Nd6 27. Qe1 Kd7 28. Bh3 b6 29. Ba3 Kc7 30. Rc1 Kb7 31. Qe5 Rd8 32. Rdc3 Bb5 33. Rc7+ Ka8 34. Qd4 Rb8 35. Bg2 Qd8 36. Bxd6 Qxd6 37. Rxf7 Rbc8 38. Qe3 Bd7 39. Re7 Rxc1+ 40. Qxc1 Rc8 41. Qe3 Ka7 42. h3 d4 43. Qf3 Qc7 44. Qb7+ Qxb7 45. Bxb7 Rc1+ 46. Kh2 Kxb7 47. Rxd7+ Kc6 48. Rxd4 Kb5 49. Re4 Rc6 50. f7 1-0

[Event "Catalunya-ch Seniors 31st"]
[Site "Santa Susanna"]
[Date "2015.05.28"]
[Round "6"]
[White "Fernandez Perez, Josep"]
[Black "Coll Enriquez, Lluis"]
[Result "0-1"]
[WhiteElo "2149"]
[BlackElo "2320"]
[PlyCount "82"]
[EventDate "2015.05.23"]
[EventType "swiss"]
[EventRounds "9"]
[EventCountry "CAT"]
[SourceTitle "CBM 166 Extra"]
[Source "ChessBase"]
[SourceDate "2015.06.18"]
[SourceVersion "1"]
[SourceVersionDate "2015.06.18"]
[SourceQuality "1"]

1. e4 e5 2. Nf3 d6 3. d4 Nd7 4. Bc4 c6 5. dxe5 dxe5 6. Ng5 Nh6 7. 0-0 b5 8. Bb3 Bc5 9. Ne6 fxe6 10. Bxh6 Qf6 11. Qh5+ Qf7 12. Qxf7+ Kxf7 13. Be3 Rd8 14. Bxc5 Nxc5 15. f3 a5 16. a4 b4 17. Bc4 Rd4 18. b3 Ba6 19. Bxa6 Nxa6 20. Kf2 Rad8 21. Ke2 g5 22. Ra2 Ke7 23. Rb2 g4 24. Ra2 gxf3+ 25. gxf3 Rg8 26. Rf2 c5 27. Nd2 Nb8 28. Ra1 Nc6 29. Nc4 Rg7 30. Rc1 Rd8 31. Ke3 h5 32. h4 Rg3 33. Rh1 Rf8 34. Rhh2 Rf4 35. Nd2 Nd4 36. Kd3 Nxf3 37. Rxf3 Rgxf3+ 38. Nxf3 Rxf3+ 39. Kc4 Kd6 40. Kb5 Rf4 41. Kxa5 Kc6 0-1

[Event "Catalunya-ch Seniors 31st"]
[Site "Santa Susanna"]
[Date "2015.05.27"]
[Round "5"]
[White "Buxade Roca, Guillermo"]
[Black "Fernandez Perez, Josep"]
[Result "1/2-1/2"]
[WhiteElo "2235"]
[BlackElo "2149"]
[PlyCount "55"]
[EventDate "2015.05.23"]
[EventType "swiss"]
[EventRounds "9"]
[EventCountry "CAT"]
[SourceTitle "CBM 166 Extra"]
[Source "ChessBase"]
[SourceDate "2015.06.18"]
[SourceVersion "1"]
[SourceVersionDate "2015.06.18"]
[SourceQuality "1"]

1. c4 e6 2. g3 d5 3. Bg2 c6 4. Nf3 f5 5. 0-0 Nf6 6. b3 Bd6 7. Bb2 0-0 8. d3 Bd7 9. Nbd2 Be8 10. Re1 Bh5 11. Qc2 Bxf3 12. Nxf3 Nbd7 13. Nd4 Re8 14. e4 fxe4 15. dxe4 e5 16. Nf5 Bb4 17. Bc3 Bxc3 18. Qxc3 d4 19. Qd2 Nf8 20. c5 Ne6 21. b4 Qc7 22. Bh3 h6 23. Qc2 Ng5 24. Bg2 Kh8 25. h4 Nf7 26. Qd2 Kh7 27. f4 g6 28. fxe5 1/2-1/2

[Event "Catalunya-ch Seniors 31st"]
[Site "Santa Susanna"]
[Date "2015.05.26"]
[Round "4"]
[White "Simon Padros, Emili"]
[Black "Fernandez Perez, Josep"]
[Result "1/2-1/2"]
[WhiteElo "2327"]
[BlackElo "2149"]
[PlyCount "87"]
[EventDate "2015.05.23"]
[EventType "swiss"]
[EventRounds "9"]
[EventCountry "CAT"]
[SourceTitle "CBM 166 Extra"]
[Source "ChessBase"]
[SourceDate "2015.06.18"]
[SourceVersion "1"]
[SourceVersionDate "2015.06.18"]
[SourceQuality "1"]

1. e4 e6 2. d4 d5 3. e5 c5 4. c3 Nc6 5. Nf3 Qb6 6. a3 c4 7. g3 h6 8. Bh3 Bd7 9. 0-0 0-0-0 10. Nbd2 Na5 11. Rb1 Kb8 12. Nh4 Ne7 13. Ng2 Be8 14. Re1 g6 15. Ne3 h5 16. Bf1 Rc8 17. Qf3 Nf5 18. Be2 Ba4 19. Bd1 Bxd1 20. Qxd1 Qc6 21. Nxf5 gxf5 22. Nf3 Be7 23. h4 Nb3 24. Bf4 Rcg8 25. Kh2 Rg6 26. Ng5 Qe8 27. Qe2 a5 28. Qe3 Qg8 29. Kg2 a4 30. Rh1 Na5 31. Kf1 Nc6 32. Ke2 Nd8 33. Rbg1 Qe8 34. Qd2 Ka8 35. Nh3 Rg7 36. Kd1 Ka7 37. Kc1 Kb6 38. Bg5 Rgh7 39. Kb1 Ka7 40. Qe3 Ka8 41. Nf4 Qf8 42. Ka2 Qe8 43. Qe2 Ka7 44. Bf6 1/2-1/2

[Event "Catalunya-ch Seniors 31st"]
[Site "Santa Susanna"]
[Date "2015.05.24"]
[Round "2"]
[White "Perez Serrallonga, Maxima"]
[Black "Fernandez Perez, Josep"]
[Result "0-1"]
[WhiteElo "1700"]
[BlackElo "2149"]
[PlyCount "68"]
[EventDate "2015.05.23"]
[EventType "swiss"]
[EventRounds "9"]
[EventCountry "CAT"]
[SourceTitle "CBM 166 Extra"]
[Source "ChessBase"]
[SourceDate "2015.06.18"]
[SourceVersion "1"]
[SourceVersionDate "2015.06.18"]
[SourceQuality "1"]

1. e4 e6 2. Nf3 d5 3. d3 dxe4 4. Nfd2 exd3 5. Bxd3 Nf6 6. 0-0 Nc6 7. Bb5 Bd7 8. c3 Ne5 9. Bxd7+ Qxd7 10. Re1 Nd3 11. Re3 Bc5 12. Rf3 Nxf2 13. Rxf2 Ne4 14. Qf3 Nxf2 15. Kf1 0-0-0 16. b4 Bb6 17. Na3 Qd3+ 18. Qxd3 Nxd3 19. Nac4 Nxc1 20. Rxc1 Be3 21. Nxe3 Rxd2 22. a4 Rhd8 23. c4 R8d3 24. Ke1 Ra2 25. Nc2 Rc3 26. Kd2 Rxc4 27. Kd3 Rcxc2 28. Rxc2 Rxc2 29. Kxc2 Kd7 30. Kd3 Kd6 31. g4 f5 32. gxf5 exf5 33. h4 Ke5 34. h5 g5 0-1

[Event "Vall del Tenes op 4th"]
[Site "Santa Eulalia de Roncana"]
[Date "2015.05.22"]
[Round "6"]
[White "Fernandez Perez, Josep"]
[Black "Flores Munoz, Daniel"]
[Result "1-0"]
[WhiteElo "2149"]
[BlackElo "1882"]
[PlyCount "41"]
[EventDate "2015.04.10"]
[EventType "swiss"]
[EventRounds "8"]
[EventCountry "ESP"]
[SourceTitle "CBM 166 Extra"]
[Source "ChessBase"]
[SourceDate "2015.06.18"]
[SourceVersion "1"]
[SourceVersionDate "2015.06.18"]
[SourceQuality "1"]

1. e4 e6 2. d4 d5 3. e5 c5 4. c3 Nc6 5. Nf3 cxd4 6. cxd4 Bb4+ 7. Nc3 Nge7 8. Bd3 Bd7 9. 0-0 Bxc3 10. bxc3 Qc7 11. Ba3 Qa5 12. Qb3 0-0 13. Rfc1 Rfd8 14. Rab1 Nc8 15. Qxb7 Rb8 16. Qa6 Rxb1 17. Rxb1 Qxc3 18. Rc1 Qa5 19. Rxc6 Qxa6 20. Rxa6 g6 21. Bc5 1-0

[Event "Vall del Tenes op 4th"]
[Site "Santa Eulalia de Roncana"]
[Date "2015.04.24"]
[Round "3"]
[White "Bouzas Arcos, Juan Manuel"]
[Black "Fernandez Perez, Josep"]
[Result "1/2-1/2"]
[WhiteElo "2014"]
[BlackElo "2149"]
[PlyCount "93"]
[EventDate "2015.04.10"]
[EventType "swiss"]
[EventRounds "8"]
[EventCountry "ESP"]
[SourceTitle "CBM 166 Extra"]
[Source "ChessBase"]
[SourceDate "2015.06.18"]
[SourceVersion "1"]
[SourceVersionDate "2015.06.18"]
[SourceQuality "1"]

1. e4 e6 2. d4 d5 3. exd5 exd5 4. Bd3 Nc6 5. c3 Bd6 6. Nf3 Bg4 7. 0-0 Nge7 8. Nbd2 Bh5 9. Re1 Qd7 10. Nf1 Bg6 11. Ne5 Bxe5 12. dxe5 Bxd3 13. Qxd3 0-0-0 14. f4 g5 15. fxg5 Ng6 16. Qg3 Qf5 17. Ne3 Qxe5 18. Qxe5 Ncxe5 19. Nf5 Nd3 20. Re3 Nxc1 21. Rxc1 Rhe8 22. Rce1 Rxe3 23. Rxe3 Kd7 24. Rh3 Rh8 25. Kf2 c5 26. Re3 Rc8 27. Rh3 Nf8 28. Re3 Ne6 29. h4 Rd8 30. Re5 d4 31. cxd4 cxd4 32. Rd5+ Kc7 33. Rxd8 Kxd8 34. Kf3 Kd7 35. Ke4 d3 36. Kxd3 Nf4+ 37. Ke4 Nxg2 38. Ke5 b6 39. Kf6 Ke8 40. Kg7 a5 41. h5 Nf4 42. h6 Ne6+ 43. Kf6 Nc5 44. Nd6+ Kf8 45. Nxf7 Nd7+ 46. Ke6 Nc5+ 47. Kf6 1/2-1/2

[Event "Vall del Tenes op 4th"]
[Site "Santa Eulalia de Roncana"]
[Date "2015.04.10"]
[Round "1"]
[White "Alcaraz Aguilera, David"]
[Black "Fernandez Perez, Josep"]
[Result "0-1"]
[WhiteElo "1833"]
[BlackElo "2149"]
[PlyCount "94"]
[EventDate "2015.04.10"]
[EventType "swiss"]
[EventRounds "8"]
[EventCountry "ESP"]
[SourceTitle "CBM 166 Extra"]
[Source "ChessBase"]
[SourceDate "2015.06.18"]
[SourceVersion "1"]
[SourceVersionDate "2015.06.18"]
[SourceQuality "1"]

1. b3 Nf6 2. Bb2 d5 3. e3 Nbd7 4. Nf3 e6 5. c4 c6 6. Qc2 Ne4 7. Bd3 f5 8. cxd5 exd5 9. Nc3 Ndf6 10. Bxe4 fxe4 11. Nd4 Bd6 12. h3 0-0 13. 0-0-0 Qe7 14. g4 Ba3 15. Rdf1 Bd7 16. f3 Bxb2+ 17. Kxb2 exf3 18. Rxf3 c5 19. Nf5 Bxf5 20. Rxf5 d4 21. Nd5 Nxd5 22. Rxd5 dxe3 23. dxe3 Qxe3 24. Qxc5 Rf2+ 25. Ka3 Qe2 26. Qc4 Qxc4 27. bxc4 Re8 28. Rd3 Ree2 29. Ra1 Rh2 30. c5 Rc2 31. Kb4 Rb2+ 32. Kc4 Rhc2+ 33. Rc3 Rxa2 34. Rxc2 Rxc2+ 35. Kd5 Rd2+ 36. Ke6 a6 37. Rb1 Re2+ 38. Kd6 Rd2+ 39. Ke7 Rf2 40. Rb6 Rf7+ 41. Kd6 Kf8 42. g5 Re7 43. Rxb7 Rxb7 44. c6 Rb6 45. Kd7 a5 46. c7 Rb7 47. Kc6 Rxc7+ 0-1

[Event "Catalunya-ch Seniors 30th"]
[Site "Barcelona"]
[Date "2014.05.23"]
[Round "7"]
[White "Fernandez Perez, Josep"]
[Black "Valarezo Ricard, Pedro"]
[Result "1-0"]
[WhiteElo "2155"]
[BlackElo "2004"]
[PlyCount "21"]
[EventDate "2014.05.17"]
[EventType "swiss"]
[EventRounds "9"]
[EventCountry "ESP"]
[SourceTitle "CBM 160 Extra"]
[Source "ChessBase"]
[SourceDate "2014.07.01"]
[SourceVersion "1"]
[SourceVersionDate "2014.07.01"]
[SourceQuality "1"]

1. d4 Nf6 2. Bf4 e6 3. Nf3 c5 4. e3 Qb6 5. b3 Nh5 6. Bxb8 Rxb8 7. d5 exd5 8. Qxd5 Nf6 9. Qe5+ Be7 10. Qxb8 d6 11. Qxc8+ 1-0

[Event "Catalunya-ch Seniors 30th"]
[Site "Barcelona"]
[Date "2014.05.22"]
[Round "6"]
[White "Coll Enriquez, Lluis"]
[Black "Fernandez Perez, Josep"]
[Result "1-0"]
[WhiteElo "2288"]
[BlackElo "2155"]
[PlyCount "115"]
[EventDate "2014.05.17"]
[EventType "swiss"]
[EventRounds "9"]
[EventCountry "ESP"]
[SourceTitle "CBM 160 Extra"]
[Source "ChessBase"]
[SourceDate "2014.07.01"]
[SourceVersion "1"]
[SourceVersionDate "2014.07.01"]
[SourceQuality "1"]

1. e4 e6 2. d4 d5 3. Bd3 dxe4 4. Bxe4 Nf6 5. Bf3 c5 6. c3 cxd4 7. cxd4 Bb4+ 8. Nc3 Nc6 9. Nge2 h6 10. 0-0 0-0 11. a3 Be7 12. Bf4 Bd6 13. Qd2 Bxf4 14. Qxf4 Ne7 15. Rfd1 Ned5 16. Qg3 Bd7 17. Nxd5 exd5 18. Nc3 Bf5 19. Qe5 Bc2 20. Rd2 Re8 21. Qg3 Bb3 22. Nb5 Qa5 23. Nc3 b5 24. Qd6 b4 25. Qxb4 Qxb4 26. axb4 a5 27. b5 a4 28. h3 Re6 29. Be2 Kf8 30. f3 Re7 31. Kf2 Rea7 32. Ra3 Nd7 33. Bd1 Bxd1 34. Rxd1 Nb6 35. Rda1 Rc7 36. Ke2 Re8+ 37. Kf2 Ra8 38. R1a2 Rc4 39. Ke3 Rb4 40. Kd3 Nc4 41. Nxd5 Nxa3 42. Nxb4 Nxb5 43. Kc4 Nd6+ 44. Kc5 Nf5 45. Nc6 Ke8 46. b4 Kd7 47. b5 Nd6 48. Re2 Re8 49. Ne5+ Ke7 50. Nc4+ Kd8 51. Rxe8+ Nxe8 52. Kb4 Nc7 53. Kxa4 Nd5 54. Ka5 f6 55. b6 Kc8 56. Kb5 Kd7 57. Kc5 Nc3 58. Na5 1-0